Broadway Opening Lines Quiz Stats

 Plays Quiz Updated Nov 2, 2018

Score 0/30 Timer 10:00
0 Plays Today
Opening Lyric Show % Correct
Chim chiminey, chim chiminey
chim chim cheree!
Mary Poppins
94.4%
Good news! She's dead!
The Witch of the West is dead!
Wicked
83.7%
We begin on Christmas Eve with me, Mark
and my roommate, Roger.
Rent
70.2%
Tradition! Tradition! Tradition! Fiddler on the Roof
67.8%
Nants ingonyama bagithi baba The Lion King
65.4%
Look down! Look down!
Don't look 'em in the eye!
Les Misérables
58%
Again! Step, kick, kick, leap, kick, touch!A Chorus Line
54.9%
There's a bright golden haze on the meadowOklahoma!
54.2%
Sold! Your number, sir?
Thank you
The Phantom of the Opera
49.6%
My day in the hills
has come to an end, I know.
The Sound of Music
46.8%
Opening night! It's opening night!The Producers
45.4%
Are you blind when you're born?
Can you see in the dark?
Cats
39.9%
I got the horse right here!
His name is Paul Revere
Guys & Dolls
38%
Once upon a time, in a far away land
a young prince lived in a shining castle.
Beauty and the Beast
36.7%
Dear Reader, this book is designed to tell you
everything you need to know about
the science of getting ahead
How to Succeed in Business Without Really Trying
33.4%
Opening Lyric Show % Correct
There's no business like show businessAnnie Get Your Gun (Revival)
30.4%
We work and work from week to week
at the Royal Bangkok Academy
The King and I
28.7%
Summertime, and the livin' is easyPorgy & Bess
27.8%
Cash for the merchandise,
Cash for the button hooks
The Music Man
26.9%
Some folks dream of the wonders they'll do
before their time on this planet is through
Joseph and the Amazing Technicolor Dreamcoat
25.1%
In each of us there are two natures
If this primitive duality of man- good and evil-
can be housed in separate identities...
Jekyll & Hyde
22.1%
Michael Rennie was ill
the day the earth stood still
The Rocky Horror Show
20.8%
In a cave many miles to the south
lives a boy born with fangs in his mouth*
Bat Boy
19.4%
I have come to the conclusion
that one useless man is called a disgrace
1776
18.1%
On the twenty-third day
of the month of September
Little Shop of Horrors
18.1%
Six months out of every year
I might as well be made of stone
Damn Yankees
14.4%
Bless your beautiful hide!Seven Brides for Seven Brothers
13.9%
Love. Love changes everything.
Hands and faces. Earth and sky.
Aspects of Love
12.3%
Tell me it's not true
Say it's just a story
Blood Brothers
8.9%
Hey, pal, feeling blue?
Don't know what to do?
Assassins
7.7%

You're not logged in!

Compare scores with friends on all Sporcle quizzes.
OR
Log In

Sporcle TV

Today on Sporcle TV


Watch our educational content, quiz creation guides, and fun videos on Sporcle TV.

Show Comments

Extras

Top Quizzes Today


Score Distribution

Your Account Isn't Verified!

In order to create a playlist on Sporcle, you need to verify the email address you used during registration. Go to your Sporcle Settings to finish the process.

Report this User

Report this user for behavior that violates our Community Guidelines.

Details: